| 000 | 00897nas a2200289 4500 | ||
|---|---|---|---|
| 001 | BR2016004673 | ||
| 003 | BR-BrBNA | ||
| 005 | 20231205130714.0 | ||
| 007 | ta | ||
| 008 | 230509b bl.|||p| |||| 00| 00por d | ||
| 040 |
_aBR-BrBNA _bpor _cBiblioteca Nacional de Agricultura |
||
| 041 | _a(Pt) | ||
| 072 | _aM12 | ||
| 100 | 1 | _aBrito, L.O. | |
| 100 | 1 | _aPereira Neto, J.B. | |
| 100 | 1 | _aDantas, D.M. de M. | |
| 100 | 1 | _aVasconcelos, R.F.L. | |
| 100 | 1 | _aGalvez, A.O. | |
| 245 | 1 | _aEfeito de diferentes fertilizantes inorgânicos na composição do fitobentos em viveiros de cultivo de Lotopenaeus vannamei | |
| 650 | _aCAMARÃO | ||
| 650 | _aUREIA | ||
| 650 | _aVIVEIRO | ||
| 650 | _aCARCINOCULTURA | ||
| 773 | 0 |
_tArquivos de Ciências do Mar (Brazil) _xISSN 0374-5686 _g(2014), v. 47(1) p. 5-14 _wBR2016004673 |
|
| 909 |
_a202311 _bLúcia _c55 _dLúcia Elande |
||
| 942 |
_2AGRIS _n0 _cANA |
||
| 999 |
_c250779 _d250779 |
||